[Event "22nd OIBM 2018"]
[Site "Gmund am Tegernsee"]
[Date "2018.10.29"]
[Round "3"]
[White "Souleidis, Georgios"]
[Black "Hovhannisyan, Robert"]
[Result "0-1"]
[WhiteElo "2436"]
[BlackElo "2621"]
[Annotator "TA"]
[PlyCount "74"]
[EventDate "2018.10.27"]
[EventType "swiss"]
[EventCountry "GER"]
[SourceTitle "playchess.com"]
[Source "ChessBase"]
[SourceQuality "1"]

{[%evp 13,74,6,10,8,33,23,56,0,0,0,0,0,0,-32,-32,-37,-23,-38,-35,-44,-42,-33,-47,-53,-31,-33,-41,-124,-113,-121,-87,-122,-125,-116,-110,-160,-139,-147,-141,-152,-141,-125,-124,-401,-365,-625,-220,-210,-221,-532,-532,-509,-466,-432,-296,-393,-277,-1577,-1756,-1576,-1560,-1460,-1405]} 1. e4 e5 2. Nf3 Nc6 3. Bc4 Bc5 4. d3 Nf6 5. Nc3 h6 6. h3 a6 7. O-O d6 8. a4 {C50: Hungarian Defence and Giuoco Pianissimo} (8. Ne2 Na5 9. Bb3 Nxb3 10. axb3 O-O 11. Ng3 Re8 12. Re1 d5 13. exd5 Qxd5 14. Bd2 e4 15. dxe4 Nxe4 {½-½ (31) Aronian,L (2764)-Anand,V (2759) Paris 2018}) 8... g5 {[%cal Bg7g5,Bg5g4][%mdl 32]} 9. Nh2 Rg8 10. Be3 $146 ({White should play} 10. Nd5 $14) ({Predecessor:} 10. Nd5 Be6 11. Nxf6+ Qxf6 12. Bxe6 Qxe6 13. c3 a5 14. Qh5 {0-1 (52) Eggers,U-Remstedt,M Pinneberg 1996}) 10... h5 $11 11. Bxc5 dxc5 12. Nd5 g4 13. h4 Be6 {[%cal Rf6d5]} 14. Ne3 Qd7 15. g3 O-O-O 16. Re1 Bxc4 17. Nxc4 Ne8 18. Ne3 Nd6 19. c3 f5 {[%cal Bf7f5,Bf5f4][%mdl 32]} 20. Qc2 (20. exf5 $15 Nxf5 21. Nhf1) 20... f4 $1 $17 {[%cal Rf4e3]} 21. Nd5 {White wants to play Nf6.} Rgf8 22. b4 cxb4 $1 23. cxb4 {[#] aiming for b5!} Kb8 $1 $36 {[%mdl 2048] Black is in control.} 24. Rec1 Nd4 ({But not} 24... fxg3 25. fxg3 Rc8 26. b5 $17) 25. Qxc7+ Qxc7 26. Rxc7 {[#]} Nxe4 $1 {[%mdl 512]} 27. dxe4 {And now Rh7 would win.} Rxd5 28. Re7 $2 {[%mdl 8192]} (28. Rxb7+ $17 Kxb7 29. exd5) 28... Ne2+ $19 29. Kg2 $2 {[#]} (29. Kh1 fxg3 30. fxg3 (30. exd5 {leads to mate.} Rxf2 31. Re8+ Ka7 32. Nxg4 g2+ 33. Kh2 g1=Q+ 34. Kh3 hxg4#) 30... Nxg3+ 31. Kg2 Nxe4 32. Nf1) 29... Rd2 $2 (29... fxg3 $1 {[%mdl 512]} 30. fxg3 Rd3) 30. Nf1 {[#]} fxg3 $1 {[%mdl 512]} 31. fxg3 $2 (31. Nxd2 $2 {is a self mate.} Rxf2+ 32. Kh1 Rh2#) (31. Re8+ {was the crucial defense.} Rxe8 32. Nxd2) (31. Nxg3 Nxg3) 31... Rb2 {( -> ...Nxg3+)} 32. Kh1 Rf2 {Hoping for ...Nd4.} 33. b5 axb5 {[%cal Ba6b5,Bb5a4][%mdl 32]} 34. Re8+ Kc7 35. Rxe5 $2 (35. axb5 Nd4 36. Re7+ Kb6 37. Re6+ Nxe6 38. Rd1 Nd4 39. Rd2 Rfxd2 40. Nxd2 Rxd2 41. Kg1 Kxb5 42. Kh1 Kc4 43. Kg1 Kd3 44. Kf1 Ke3 45. Kg1 Nf3+ 46. Kh1 Rh2#) 35... bxa4 {Black is clearly winning.} 36. Rc5+ Kb6 37. Rf5 {[#]} Rxf1+ $1 {[%mdl 512] Precision: White = 42%, Black = 74%.} 0-1

[Event "22nd OIBM 2018"]
[Site "Gmund am Tegernsee"]
[Date "2018.10.29"]
[Round "3"]
[White "Meins, Gerlef"]
[Black "Zeier, Klaus"]
[Result "1/2-1/2"]
[WhiteElo "2408"]
[BlackElo "2228"]
[Annotator "ChessBase"]
[PlyCount "61"]
[EventDate "2018.10.27"]
[EventType "swiss"]
[EventCountry "GER"]
[SourceTitle "playchess.com"]
[Source "ChessBase"]
[SourceQuality "1"]
[TimeControl "40/5400+30:1800+30"]

1. Nf3 {[%emt 0:00:00]} Nf6 {[%emt 0:00:00]} 2. c4 {[%emt 0:00:00]} e6 {[%emt 0:00:00]} 3. g3 {[%emt 0:00:37]} d5 {[%emt 0:00:10]} 4. Bg2 {[%emt 0:00:18]} Be7 {[%emt 0:00:13]} 5. O-O {[%emt 0:00:41]} O-O {[%emt 0:00:17]} 6. d4 {[%emt 0:00:47]} dxc4 {[%emt 0:00:14]} 7. Ne5 {[%emt 0:00:51]} c5 {[%emt 0:00:17]} 8. dxc5 {[%emt 0:02:21]} Qc7 {[%emt 0:00:18]} 9. Nxc4 {[%emt 0:01:18]} Qxc5 {[%emt 0:00:21]} 10. b3 {[%emt 0:06:32]} Rd8 {[%emt 0:00:14]} 11. Nbd2 {[%emt 0:01:46]} Qc7 {[%emt 0:00:22]} 12. Bb2 {[%emt 0:01:44]} Nc6 {[%emt 0:00:10]} 13. Rc1 {[%emt 0:01:24]} Bd7 {[%emt 0:00:21]} 14. Ne5 {[%emt 0:11:52]} Qa5 {[%emt 0:00:12]} 15. Ndc4 {[%emt 0:24:15]} Qa6 {[%emt 0:00:17]} 16. Bxc6 {[%emt 0:03:36]} Bxc6 {[%emt 0:02:35]} 17. Nxc6 {[%emt 0:00:16]} Qxc6 {[%emt 0:16:54]} 18. Qc2 {[%emt 0:01:05]} Rac8 {[%emt 0:01:33]} 19. Rfd1 {[%emt 0:03:16]} Rxd1+ {[%emt 0:01:51]} 20. Qxd1 {[%emt 0:00:18]} Rd8 {[%emt 0:00:45]} 21. Qc2 {[%emt 0:04:03]} Qd5 {[%emt 0:00:56]} 22. Ne3 {[%emt 0:06:41]} Qb5 {[%emt 0:11:40]} 23. Qc7 {[%emt 0:07:48]} Kf8 {[%emt 0:15:41]} 24. Ba3 {[%emt 0:04:21]} Qd7 {[%emt 0:01:15]} 25. Bxe7+ {[%emt 0:03:54]} Qxe7 {[%emt 0:00:03]} 26. Qe5 {[%emt 0:00:50]} b6 {[%emt 0:16:35]} 27. Rc7 {[%emt 0:01:13]} Rd7 {[%emt 0:00:17]} 28. Rc8+ {[%emt 0:01:20]} Rd8 {[%emt 0:00:15]} 29. Rc7 {[%emt 0:01:35]} Rd7 {[%emt 0:00:01]} 30. Rc8+ {[%emt 0:00:32]} Rd8 {[%emt 0:00:02]} 31. Rc7 {[%emt 0:04:33]} 1/2-1/2

[Event "22nd OIBM 2018"]
[Site "Gmund am Tegernsee"]
[Date "2018.10.29"]
[Round "3"]
[White "Zajogin, Alexander"]
[Black "Sahin, Ozgun"]
[Result "1-0"]
[WhiteElo "2408"]
[BlackElo "2208"]
[Annotator "TA"]
[PlyCount "63"]
[EventDate "2018.10.27"]
[EventType "swiss"]
[EventCountry "GER"]
[SourceTitle "playchess.com"]
[Source "ChessBase"]
[SourceQuality "1"]

{[%evp 9,63,-2,-1,0,0,0,0,0,3,-8,6,0,8,15,19,16,35,23,40,40,45,34,50,36,41,44,127,31,113,113,113,113,98,96,137,125,288,288,306,305,296,304,481,489,443,408,491,475,1306,1251,1659,1638,1639,1618,1779,1696]} 1. d4 d5 2. Bg5 c5 3. dxc5 Nf6 (3... Nc6 4. Nf3 f6 5. Bd2 e5 6. b4 e4 7. Ng1 a5 8. c3 f5 9. e3 Qf6 10. Na3 Be6 11. Nb5 {1-0 (35) Salgado Lopez,I (2584)-Andriasian,Z (2613) Moscow 2010}) 4. Bxf6 exf6 5. Nd2 Bxc5 6. Nb3 {D00: 1 d4 d5: Unusual lines} Bb6 7. e3 Nc6 8. Nf3 {The position is equal.} O-O 9. Be2 Be6 10. O-O Qd6 $146 ({Predecessor:} 10... Ne5 11. Nbd4 Rc8 12. c3 Qd6 13. Qc2 Bc7 14. g3 a6 15. Rad1 Qc5 16. Nxe6 fxe6 17. Nd4 Rfe8 18. e4 b5 {½-½ (18) Wecke,T (1929)-Zaehringer,D (2080) Leipzig 2018}) 11. c3 Ne5 12. Nbd4 Bc7 13. g3 a6 14. Qb3 Rfd8 15. Rfd1 Rab8 16. Nxe6 fxe6 {[#]} 17. e4 $1 {[%mdl 512]} Bb6 ({Black should play} 17... Kh8 $14) (17... dxe4 18. Rxd6) 18. Nd4 (18. Nxe5 $1 $16 fxe5 19. exd5) 18... Bxd4 (18... Qc5 $14) 19. Rxd4 $16 Nc6 20. Rd2 $1 d4 21. Bg4 Kf7 {With the idea ...d3.} 22. Rad1 {aiming for cxd4.} Qe5 $2 {[#]} (22... d3 $16 {might work better.}) 23. f4 $1 $18 {[%cal Rf4e5]} Qc5 {And now ...dxc3+ would win.} 24. Qxe6+ Kf8 {[#]} 25. b4 $1 {[%cal Rb4c5]} Qxc3 (25... Qe7 $142 26. Qxe7+ Nxe7 27. Rxd4 Re8) 26. Bh5 {[%csl Gh5][%cal Re6f7]} g6 27. Qxf6+ Kg8 28. Bg4 {[%cal Rg4e6] White is clearly winning.} Qe3+ (28... Re8 $142 29. Be6+ Rxe6 30. Qxe6+ Kh8) 29. Kf1 {[%cal Rg4e6]} Re8 30. Be6+ Rxe6 31. Qxe6+ Kg7 32. Rd3 {Precision: White = 81%, Black = 25%.} 1-0

[Event "22nd OIBM 2018"]
[Site "Gmund am Tegernsee"]
[Date "2018.10.29"]
[Round "3"]
[White "Colpe, Malte"]
[Black "Kastek, Thomas"]
[Result "1/2-1/2"]
[WhiteElo "2379"]
[BlackElo "2096"]
[Annotator "TA"]
[PlyCount "102"]
[EventDate "2018.10.27"]
[EventType "swiss"]
[EventCountry "GER"]
[SourceTitle "playchess.com"]
[Source "ChessBase"]
[SourceQuality "1"]

{[%evp 20,102,-30,-29,-34,-48,-54,-54,-51,-50,0,0,21,6,12,10,25,28,45,16,16,0,16,17,32,41,44,10,25,11,33,41,40,0,52,20,50,0,12,0,0,-16,31,0,35,31,46,-24,20,-31,23,0,12,14,37,41,81,77,87,83,108,104,88,78,74,62,43,39,47,22,16,0,0,0,7,0,0,0,0,0,0,0,0,3,10]} 1. d4 d5 2. Bf4 c5 3. e3 Nc6 4. c3 Nf6 5. Nd2 e6 6. Ngf3 Bd6 7. Bg3 O-O 8. Bd3 b6 9. e4 {D02: 1 d4 d5 2 Nf3 sidelines, including 2...Nf6 3 g3 and 2...Nf6 3 Bf4} Be7 10. e5 Nh5 11. a3 {LiveBook: 14 Games. Black has an edge.} (11. Nf1 cxd4 12. Nxd4 Nxd4 13. cxd4 g6 14. Ne3 f5 15. exf6 Bxf6 16. Be2 Nxg3 17. hxg3 {½-½ (37) Nakamura,H (2787)-Svidler,P (2760) Moscow 2018}) 11... Bd7 12. Qb1 $146 ({Predecessor:} 12. O-O Nxg3 13. hxg3 c4 14. Bc2 b5 15. Nh2 a5 16. f4 b4 {0-1 (58) Pham,L (2456)-Lei,T (2507) Hamedan 2018}) 12... g6 13. b4 cxd4 14. cxd4 Rc8 15. O-O f5 16. exf6 Bxf6 17. Qb2 Nxg3 18. hxg3 Qc7 19. Rac1 {[#] Strongly threatening b5.} Qd6 20. Rfe1 Bg7 21. Nb3 Rfe8 22. Ba6 Rcd8 23. Qd2 Rb8 24. Bf1 Rf8 (24... a6 $5) 25. Bb5 Rbc8 26. Ba6 Rb8 (26... Rce8 $11) 27. Re2 Nd8 28. Bd3 Ba4 29. Na1 {[%cal Bb3a1,Ba1c2,Bc2e3,Be3g4,Bg4e5,Be5f3,Bf3g5][%mdl 32]} Nc6 30. Nc2 Nd8 31. Ne3 Bd7 32. Ng4 Nc6 33. Bb1 ({White should try} 33. Nh6+ $14 Kh8 34. Bb5) 33... Rbc8 (33... Rxf3 $5 34. gxf3 Nxd4 $17) 34. Rce1 {[#]} (34. Ree1 $11) 34... Rce8 (34... Rxf3 $1 $15 {[%mdl 512]} 35. gxf3 Nxd4) 35. Nfe5 Nxe5 36. Nxe5 Bb5 37. Bd3 Bxd3 38. Qxd3 Rc8 39. Nf3 Rfe8 40. Ng5 e5 41. dxe5 Rxe5 42. Rxe5 Bxe5 43. Qa6 Rc7 44. Qb5 Re7 {The position is equal.} 45. Kf1 Kg7 46. Rd1 $36 {[%mdl 2048] Black is under pressure.} Rd7 47. Re1 Re7 48. Nf3 Bf6 49. Rxe7+ Bxe7 50. Qe8 Bf6 51. g4 h6 {Precision: White = 36%, Black = 26%.} 1/2-1/2

[Event "22nd OIBM 2018"]
[Site "Gmund am Tegernsee"]
[Date "2018.10.29"]
[Round "3"]
[White "Stark, Lars"]
[Black "Papp, Gabor"]
[Result "1/2-1/2"]
[WhiteElo "2374"]
[BlackElo "2591"]
[Annotator "TA"]
[PlyCount "56"]
[EventDate "2018.10.27"]
[EventType "swiss"]
[EventCountry "GER"]
[SourceTitle "playchess.com"]
[Source "ChessBase"]
[SourceQuality "1"]

{[%evp 21,56,0,5,0,0,0,8,0,0,0,0,0,0,0,0,0,10,0,10,0,29,39,52,0,0,2,103,112,93,102,108,102,107,110,97,38,45]} 1. c4 e6 2. g3 d5 3. Bg2 Nf6 4. Nf3 d4 5. O-O c5 6. e3 Nc6 7. exd4 cxd4 8. d3 Bd6 {A13: English Opening: 1...e6} (8... Be7 9. b3 O-O 10. Na3 e5 11. Nc2 Nd7 12. a3 a5 13. Rb1 Nc5 14. b4 axb4 15. axb4 Na4 16. Bd2 {0-1 (47) Wei,Y (2739)-Karjakin,S (2760) Medias 2017}) 9. Na3 O-O 10. Nc2 e5 11. b4 a6 {LiveBook: 7 Games} 12. Rb1 h6 $146 ({Predecessor:} 12... Bf5 13. a4 Re8 14. Re1 {½-½ (31) Moll,R (2601)-Zhak,B (2582) ICCF email 2016}) 13. a4 {[%cal Ba2a4,Ba4b5][%mdl 32]} Bf5 14. c5 Bb8 15. b5 axb5 16. axb5 Ne7 17. Nb4 Ned5 {[#] White must now prevent ...Nc3.} 18. Bd2 Re8 19. Re1 Nxb4 $1 20. Bxb4 e4 21. dxe4 Bxe4 22. Ra1 Rxa1 23. Qxa1 d3 (23... Qd7 $1 $11 {keeps the balance.}) 24. Qd4 $16 Qc8 25. Qc4 Bf5 26. Rxe8+ Qxe8 27. Bf1 Qd7 28. Nd4 (28. b6 $16) 28... Be4 {Precision: White = 64%, Black = 75%.} 1/2-1/2

[Event "22nd OIBM 2018"]
[Site "Gmund am Tegernsee"]
[Date "2018.10.29"]
[Round "3"]
[White "Pirrot, Dieter"]
[Black "Lochte, Thomas"]
[Result "0-1"]
[WhiteElo "2373"]
[BlackElo "2095"]
[Annotator "TA"]
[PlyCount "60"]
[EventDate "2018.10.27"]
[EventType "swiss"]
[EventCountry "GER"]
[SourceTitle "playchess.com"]
[Source "ChessBase"]
[SourceQuality "1"]

{[%evp 14,60,104,90,83,92,77,29,56,28,22,25,29,3,43,10,6,-35,-58,-99,-91,-87,0,0,0,0,0,0,0,-137,-131,-174,-167,-168,-177,-455,-430,-533,-528,-1082,-1076,-1479,-1470,-29982,-29983,-29985,-29983,-29984,-29985]} 1. e4 c6 2. d4 d5 3. f3 {[%cal Bf2f3,Bf3e4,Be4e5][%mdl 32]} dxe4 4. fxe4 e5 5. Nf3 exd4 6. Bc4 Be6 7. Bxe6 fxe6 8. O-O {LiveBook: 6 Games. Hoping for Ng5.} Nf6 {B12: Caro-Kann: Advance Variation} (8... e5 9. Nxe5 Nf6 10. Bg5 Be7 11. Bxf6 Bxf6 12. Qh5+ g6 13. Nxg6 hxg6 14. Qxg6+ Kd7 15. Rxf6 Kc7 16. Nd2 {1-0 (32) Solomunovic,I (2400)-Tosic,N (2153) Banja Vrujci 2017}) 9. e5 {[%mdl 1024] White has strong compensation.} Ne4 10. Qe2 Qd5 {White has an edge.} 11. Re1 Nc5 12. Rd1 Qe4 $1 {[%cal Re4e2]} 13. Qc4 $146 {And now b4 would win.} ({Predecessor:} 13. Qf2 Be7 14. Rxd4 Qg6 15. Nc3 O-O 16. Be3 Nca6 17. Qe2 Nb4 18. Nh4 Qxc2 19. Rd2 Qxd2 20. Bxd2 Bxh4 21. Qg4 Be7 22. Qxe6+ Rf7 23. Rf1 {1-0 (23) Sventek,A (2126)-Galovic,S (2169) Slovakia 2001}) 13... Nbd7 14. Rxd4 (14. b4 $5 {[%cal Rb4c5]}) 14... Qf5 15. Nc3 Qxc2 16. Bg5 Nb6 $36 {[%mdl 2048] Keeping White busy.} 17. Qf1 Qxb2 (17... h6 $17 18. Rd2 Qf5) 18. Rad1 $1 $11 {White wants to mate with Rd8+.} Nd5 19. Nxd5 cxd5 20. Rb1 Qxa2 21. Rxb7 {[#]} (21. Ra1 $11 {keeps the balance.} Qb2 22. Rb1) 21... Qa6 $1 $17 {[%cal Ra6f1]} 22. Rb5 {[#]} Nd7 $1 {White must now prevent ...Bc5.} 23. Kh1 Bc5 {aiming for ...h6.} 24. Rf4 $2 (24. Rd1) 24... h6 $19 25. Bh4 g5 {[%cal Bg7g5,Bg5f4][%mdl 32]} 26. Nd4 gxf4 27. Qd1 Bxd4 28. Rxd5 exd5 {Black mates.} 29. Qh5+ Kf8 {[%cal Ra6f1]} 30. Qf5+ {[#]} Nf6 $1 {Precision: White = 39%, Black = 95%.} 0-1

[Event "22nd OIBM 2018"]
[Site "Gmund am Tegernsee"]
[Date "2018.10.29"]
[Round "3"]
[White "Slugin, Sergey"]
[Black "Gueci, Tea"]
[Result "1/2-1/2"]
[WhiteElo "2362"]
[BlackElo "2166"]
[Annotator "NA"]
[PlyCount "56"]
[EventDate "2018.10.27"]
[EventType "swiss"]
[EventCountry "GER"]
[SourceTitle "playchess.com"]
[Source "ChessBase"]
[SourceQuality "1"]
[TimeControl "40/5400+30:1800+30"]

1. e4 {[%emt 0:00:00]} c5 {[%emt 0:00:00]} 2. Nf3 {[%emt 0:00:00]} e6 {[%emt 0:00:00]} 3. g3 {[%emt 0:00:00]} Nc6 {[%emt 0:00:06]} 4. Bg2 {[%emt 0:00:04]} g6 {[%emt 0:01:05]} 5. O-O {[%emt 0:01:31]} Bg7 {[%emt 0:00:10]} 6. c3 {[%emt 0:00:24]} e5 {[%emt 0:05:37]} 7. d3 {[%emt 0:06:16]} Nge7 {[%emt 0:00:50]} 8. Be3 {[%emt 0:00:51]} d6 {[%emt 0:00:54]} 9. Na3 {[%emt 0:03:45]} O-O {[%emt 0:01:11]} 10. d4 {[%emt 0:02:47]} exd4 {[%emt 0:18:30]} 11. cxd4 {[%emt 0:00:16]} Bg4 {[%emt 0:01:25]} 12. dxc5 {[%emt 0:11:23]} dxc5 {[%emt 0:02:28]} 13. Qxd8 {[%emt 0:01:02]} Rfxd8 {[%emt 0:01:56]} 14. Bxc5 {[%emt 0:00:45]} b6 {[%emt 0:10:53]} 15. Bxe7 {[%emt 0:01:03]} Nxe7 {[%emt 0:00:05]} 16. Nc4 {[%emt 0:00:54]} Rac8 {[%emt 0:06:14]} 17. Rac1 {[%emt 0:03:26]} b5 {[%emt 0:05:13]} 18. Ne3 {[%emt 0:05:07]} Bxf3 {[%emt 0:06:37]} 19. Bxf3 {[%emt 0:00:58]} Bxb2 {[%emt 0:05:41]} 20. Rb1 {[%emt 0:05:22]} Rd2 {[%emt 0:00:29]} 21. Rfd1 {[%emt 0:00:45]} Rxd1+ {[%emt 0:05:13]} 22. Nxd1 {[%emt 0:02:49]} Bd4 {[%emt 0:00:09]} 23. Rxb5 {[%emt 0:04:00]} Rc2 {[%emt 0:03:15]} 24. Rb7 {[%emt 0:01:04]} Kf8 {[%emt 0:03:55]} 25. Rb8+ {[%emt 0:07:21]} Kg7 {[%emt 0:01:03]} 26. Rb7 {[%emt 0:00:21]} Kf8 {[%emt 0:00:29]} 27. Rb8+ {[%emt 0:00:29]} Kg7 {[%emt 0:00:10]} 28. Rb7 {[%emt 0:00:06]} Kf8 {[%emt 0:03:01]} 1/2-1/2

[Event "22nd OIBM 2018"]
[Site "Gmund am Tegernsee"]
[Date "2018.10.29"]
[Round "3"]
[White "Zude, Arno"]
[Black "Petrosyan, Manuel"]
[Result "1-0"]
[WhiteElo "2349"]
[BlackElo "2574"]
[Annotator "TA"]
[PlyCount "277"]
[EventDate "2018.10.27"]
[EventType "swiss"]
[EventCountry "GER"]
[SourceTitle "playchess.com"]
[Source "ChessBase"]
[SourceQuality "1"]

{[%evp 11,277,17,21,3,9,-4,7,-14,-20,0,0,-12,-14,-23,0,-31,-18,-40,-43,-43,-45,-43,-6,-72,-56,-73,-28,-50,-3,-95,-26,-72,-43,-73,-67,-106,-110,-133,-128,-108,-91,-118,-110,-115,-75,-76,-79,-74,-67,-71,-42,-134,-111,-117,-139,-144,-118,-114,-118,-119,-108,-140,-110,-114,-118,-101,-89,-100,-63,-83,-52,-64,-26,-26,0,-26,-26,-26,-18,-26,-26,-40,-33,-33,-33,-33,-40,-40,-40,-40,-7,-40,-18,-6307,-18,-18,-18,-26,362,-18,217,-18,0,-26,-26,-26,-26,-26,-26,-26,-26,-26,-26,-26,-26,-26,-26,-26,-26,-26,-26,-26,0,0,0,-26,-26,-33,-33,-33,-33,-33,-33,-33,-33,-33,-33,-33,-33,-33,-33,-33,-33,-33,-33,-33,-33,-33,-33,-33,-33,-33,-33,-33,-33,-33,-33,-33,-33,-33,-33,-33,-33,-33,-33,-33,-33,-33,-33,-33,-33,-33,-33,-33,-33,-33,-33,-33,-33,-33,0,-25,-13,-33,-33,-50,-16,-50,-33,-33,-33,-33,-33,-33,0,-33,-33,-33,0,0,0,0,0,-14,-14,-14,-14,-14,-14,-14,-14,-14,0,-48,-33,-56,-49,-110,0,-8,0,0,0,-8,-8,-23,-6,-32,0,0,0,0,29,29,1258,41,944,769,29964,29966,29966,29967,29967,29968,29968,29969,29974,29972,29972,29973,29973,29974,29974,29975,29975,29973,29974,29975,29975,29976,29976,29977,29977,29978,29982,29983,29984,29985]} 1. e4 c5 2. Nf3 d6 3. d4 cxd4 4. Nxd4 Nf6 5. Nc3 a6 6. Nb3 e6 {LiveBook: 66 Games. B90: Sicilian Najdorf: Unusual White 6th moves, 6 Be3 Ng4 and 6 Be3 e5} (6... e5 7. Bg5 Be6 8. f4 exf4 9. Qd2 Be7 10. O-O-O Bxb3 11. cxb3 Nc6 12. Bxf4 O-O 13. Bxd6 Bxd6 14. Qxd6 Qa5 15. Be2 {½-½ (76) Kryvoruchko,Y (2695)-Abdusattorov,N (2558) Batumi 2018}) 7. Be2 Qc7 8. f4 b5 {The position is equal.} 9. a3 Bb7 10. Bf3 Be7 $146 ({Predecessor:} 10... Nc6 11. Be3 Rc8 12. O-O Be7 13. Kh1 O-O 14. g4 d5 15. exd5 Nxd5 16. Nxd5 exd5 {½-½ (49) Schiffer,S (2167)-Wempe,J (2177) Merano 2001}) 11. O-O Nbd7 12. Qe1 O-O 13. Be3 Rac8 14. Qf2 Qb8 15. Nd2 a5 16. Rfc1 Bc6 17. Ne2 (17. g4 $11) 17... e5 $17 18. Ng3 g6 19. Kh1 Rfe8 20. fxe5 (20. f5 $1 $11 {remains equal.}) 20... dxe5 (20... Nxe5 $17 21. Rf1 h5) 21. c4 a4 22. c5 Nf8 {[%cal Bd7f8,Bf8e6,Be6f4,Bf4d3][%mdl 32]} 23. b4 axb3 $1 24. Nxb3 Qa8 25. Nd2 Ne6 26. a4 bxa4 27. Nc4 Nd7 {[%cal Re6c5]} 28. Nd6 Bxd6 29. cxd6 Nf4 {[#] Strongly threatening ...Nd3.} 30. Qd2 $1 Rcd8 31. Rc4 ({Better is} 31. h3 $15) 31... Qa6 32. Rac1 Bb5 33. Rc7 {[#] Black must now prevent Ra7.} Nd3 34. Rb1 Qxd6 35. Rc3 Ba6 36. Qc2 Rc8 37. Rxc8 Rxc8 38. Qxa4 N3c5 39. Rd1 Qe6 40. Qa3 h5 41. Rd5 {[%cal Re3c5]} h4 42. Bxc5 hxg3 43. hxg3 (43. Bg1 {feels hotter.} gxh2 44. Be3 Bc4 45. Rd6 Qe8 46. Bg4) 43... Nxc5 44. Rxc5 Rb8 {Hoping for ...Rb3.} 45. Qa1 Re8 46. Ra5 Bb7 47. Qb2 Bc6 48. Rc5 Kg7 49. Kg1 Qf6 50. Qb6 Re6 {With the idea ...Bxe4!} 51. Qb2 Be8 52. Qb5 $2 {[%mdl 8192]} (52. Bg4 $11 Re7 53. Qc3) 52... Rc6 $2 (52... Bxb5 $19 53. Rxb5 Qg5) 53. Rxc6 $11 Bxc6 54. Qb3 Bb7 $2 {[%mdl 8192]} (54... Qd6 $11) 55. Kh2 $2 ({White has to play} 55. Qxb7 $18 Qd6 56. Qd5 Qb6+ 57. Kh2) 55... Qg5 $2 (55... Qe7 $11 {and Black stays safe.}) 56. Qc3 $2 (56. Qxb7 $18 {Qc8 is the strong threat.} Qh6+ 57. Kg1) 56... Ba6 57. Qc5 Bd3 58. Qc3 Qh6+ 59. Kg1 Qe3+ 60. Kh2 Qd4 61. Qc6 Bb1 62. Qb7 Bc2 63. Qc6 Bd3 64. Qb7 Qc5 65. Qd7 Bb5 66. Qb7 Kf6 67. Qb8 Kg7 68. Qb7 Ba4 69. Qa6 Bc6 70. Qc8 Qb6 71. Qg4 Qe3 72. Kh1 Qd2 73. Kh2 Bd7 74. Qh4 f6 75. Bg4 Bc6 76. Bf3 $1 Be8 77. Qg4 Bd7 78. Qh4 Qd4 79. Bg4 Bc6 80. Bf3 Qd3 81. Qg4 Bd7 82. Qh4 Qc4 83. Bg4 Be8 (83... Ba4 {keeps more tension.} 84. Bf3 Bc2 85. Qg4 Qc6 86. Qh4 Bd3) 84. Bf3 Qc6 85. Qg4 Bd7 86. Qh4 Be6 87. Bg4 Bb3 88. Bf3 Bf7 89. Qh3 Bg8 90. Qg4 Be6 91. Qh4 Qd7 92. Be2 Qc8 93. Bd1 Bd7 94. Be2 Qc5 95. Bg4 Be8 (95... Bc6 {seems wilder.} 96. Bf3 Qe7 97. Qh3 Qe8 98. Kh1 Bb5) 96. Be2 Qd4 97. Bf3 Qd6 98. Be2 Qc6 99. Bf3 g5 100. Qg4 Bg6 101. Kh1 Kf7 102. Qh3 Kg7 103. Qg4 Kf8 104. Qh3 Bxe4 105. Qh8+ Kf7 106. Bh5+ Ke7 107. Qg7+ Kd8 108. Qf8+ Kc7 109. Qe7+ Qd7 110. Qc5+ Bc6 {( -> ...Qh3+)} 111. Bf3 Qd6 112. Qa5+ Kd7 {And now ...Bxf3 would win.} 113. Qa7+ Ke6 {Threatens to win with ...Bxf3.} 114. Bh5 (114. Kh2 $15) 114... e4 (114... Qd7 $17 115. Qa6 f5) 115. Kh2 Ke5 116. Qa5+ Qd5 117. Qc3+ Ke6 118. Qe3 Ke7 {White should prevent ...Kf8.} 119. Qa3+ Qd6 120. Qa7+ Ke6 121. Bf7+ Ke5 122. Qa5+ Bd5 $2 {[%mdl 8192]} (122... Kd4 $11) 123. Qc3+ Kf5 124. Qd4 Qe5 125. Qxd5 {White mates.} Qxd5 126. Bxd5 {[%mdl 4096] Endgame KB-K3P} Ke5 127. Bb7 f5 128. Kg1 f4 129. Kf2 Kd4 130. Ke2 Ke5 131. g4 Kd4 132. Kd2 e3+ 133. Kc2 Kc4 134. Ba6+ Kd4 135. Be2 Kc5 136. Kc3 Kd5 137. Kd3 Kc5 138. Ke4 Kb4 139. Kf5 {Precision: White = 55%, Black = 47%.} 1-0